Statistics for Countries with Fewer People than Pine Bluff, Arkansas

Click here to take the quiz!

General Stats

  • This quiz has been taken 22 times
  • The average score is 6 of 7

Answer Stats

ContinentCountry% Correct
EuropeVatican City
100%
EuropeLiechtenstein
85%
EuropeMonaco
85%
EuropeSan Marino
85%
AustraliaNauru
80%
AustraliaTuvalu
75%
AustraliaPalau
70%

Score Distribution

Percentile by Number Answered

Percent of People with Each Score

Your Score History

You have not taken this quiz